Регионална библиотека "Любен Каравелов" - Русе

Любовникът на лейди Чатърли (Запис номер 17125)

MARC детайли
000 -Лидер
Контролно поле с фиксирана дължина 01308nam a2200313 c 4500
003 - Код на организацията, давaща контролен номер
Контролно поле BLK
005 - Дата и час на последна редакция
Контролно поле 20230522092846.0
008 - Елементи от данни с фиксирана дължина
fixed length control field 180413b bul|||||r ||||||| ||bul||
010 ## - Наследен системен номер
LC control number KNG00019045000
040 ## - Източник на каталожния запис
Идентификатор на билиотеката - собственик на записа BLK
041 ## - Код за език
Код за езика на текст/звукозапис или на отделно заглавие Български
Код за езика КДБФ Български
080 ## - УДК
Текстов определител УДК Английска литература
УДК код - определител по УДК 821.111
УДК определител -31
УДК - код + определител 821.111-31
100 1# - Редна дума - Автор
Автор Лорънс, Дейвид Хърбърт
Авторска отговорност първи автор
R(LIN) 261694
139 ## - Редно поле
Редна дума Лорънс, Дейвид Хърбърт
Авторски знак Лор - Л 83
245 10 - Сведения за заглавието
Заглавие Любовникът на лейди Чатърли
Подзаглавни данни Роман
Редно поле (дума) Дейвид Хърбърт Лорънс; прев. от фр. И. С..
250 ## - Област на изданието
Сведения за изданието 3. изд.
257 ## - Страна на издаване
Страна на създаване/издаване Великобритания
260 ## - Област на издателските данни
-- София
Име на издателя, разпространителя и проч. Богас
Година на издаване 1990
300 ## - Физическа характеристика
Страници 288 с.
Размери/Мащаб 20 см
380 ## - Жанр
Жанр Худож. лит.
500 ## - Общи забележки
Забележка Прев. е направен от фр. изд. L'amant de lady Chaterley ; Ориг. загл. Lady Chatteres's Lower. - 1. изд. 1934 на изд. Д. Маджаров в сер. Библиотека Златни страници ; № 13.
653 ## - Ключова дума – ненормативна
Ключова дума романи
700 1# - Други автори (авторска отговорност)
Лично име И. С.
Автороска отговорност (Описва отношението между автора и произведението) прев. от фр.
9 (RLIN) 261695
852 ## - Местоположение
Форматна сигнатура Цб 165503
856 4# - Електронен адрес и достъп
Електронен формат pdf - файл
Път до файла /url/
856 4# - Електронен адрес и достъп
Електронен формат pdf - файл
Път до файла /url/
942 ## - АРТИКУЛИ
Вид на библиотечния материал Книги
Скрит в OPAC Не
Koha issues (borrowed), all copies 6
944 ## - СЪЗДАВАНЕ И РЕДАКЦИЯ на ЗАПИСА
Създаване/Редакция Създаване
Дата на регистрацията/редакция 15.01.2003
Статус, дата на статуса ф /
Служител, извършил регистрацията/редакцията Людмила_Стоянова
944 ## - СЪЗДАВАНЕ И РЕДАКЦИЯ на ЗАПИСА
Създаване/Редакция Редакция
Дата на регистрацията/редакция 17.05.2017
Статус, дата на статуса ф /
Служител, извършил регистрацията/редакцията Людмила_Стоянова
999 ## - СИСТЕМНИ КОНТРОЛНИ НОМЕРА
Koha biblionumber 17125
Koha biblioitemnumber 17125
Наличности
Код за отписване Код за изгубен артикул Източник на класификационната схема Код за повреда Коз за рестрикции Код за отдаване Артикулен № Име на библиотеката - собственик Име на библиотеката, в която се намира в момента Статус (Текущо местоположение) Дата на вписване в системата Местоположение - отдел Цена в лева Инвентарен номер Систематично азбучна сигнатура Баркод Номер на екземпляра Цена в евро Служебна бележка Служебен тип на артикула
Изтеглен Не е изгубен Universal Decimal Classification Не е повреден без рестрикции заемане за дома 28809 Регионална библиотека "Любен Каравелов" Русе Регионална библиотека "Любен Каравелов" Русе Заемна - подръчен фонд 1990-01-01 Заемна - подръчен фонд 9.60 547254 П 820-31/Л 83 547254 1 4.91 Дост: Pk Вид: Ф N: стар фонд Дата: 01.01.1990 Книги
Изтеглен Не е изгубен Universal Decimal Classification Не е повреден без рестрикции заемане за дома 28810 Регионална библиотека "Любен Каравелов" Русе Регионална библиотека "Любен Каравелов" Русе Заемна - подръчен фонд 1990-01-01 Заемна - подръчен фонд 9.60 547255 П 820-31/Л 83 547255 2 4.91 Дост: Pk Вид: Ф N: стар фонд Дата: 01.01.1990 Книги
Изтеглен Не е изгубен Universal Decimal Classification Не е повреден без рестрикции заемане за дома 28811 Регионална библиотека "Любен Каравелов" Русе Регионална библиотека "Любен Каравелов" Русе Заемна - подръчен фонд 1990-01-01 Заемна - подръчен фонд 9.60 547259 П 820-31/Л 83 547259 3 4.91 Дост: Pk Вид: Ф N: стар фонд Дата: 01.01.1990 Книги
Изтеглен Не е изгубен Universal Decimal Classification Не е повреден без рестрикции заемане за дома 28812 Регионална библиотека "Любен Каравелов" Русе Регионална библиотека "Любен Каравелов" Русе Заемна - подръчен фонд 1990-01-01 Заемна - подръчен фонд 9.60 547263 П 820-31/Л 83 547263 4 4.91 Дост: Pk Вид: Ф N: стар фонд Дата: 01.01.1990 Книги
  Не е изгубен Universal Decimal Classification Не е повреден без рестрикции ползва се в читалня 28813 Регионална библиотека "Любен Каравелов" Русе Регионална библиотека "Любен Каравелов" Русе Хранилище 1990-01-01 Хранилище 9.60 546338 Цб 165503 120000546338 5 4.91 Дост: Dp Вид: Д N: стар фонд Дата: 01.01.1990 Книги
  Не е изгубен Universal Decimal Classification Не е повреден без рестрикции заемане за дома 28814 Регионална библиотека "Любен Каравелов" Русе Регионална библиотека "Любен Каравелов" Русе Заемна - подръчен фонд 2017-05-04 Заемна - подръчен фонд 9.00 120000810580 П 821-31/Л 83 120000810580 6 4.60 Дост: DA Вид: А N: 19 Дата: 04.05.2017 Дата инв: 14.02.2018 Бележки инв: П2018 Книги
Vip Innovations Ltd, Rousse, Bulgaria 2025